Регионална библиотека "Любен Каравелов" - Русе

Намери я (Запис номер 499743)

MARC детайли
000 -Лидер
Контролно поле с фиксирана дължина 01157nam a2200277 a 4500
003 - Код на организацията, давaща контролен номер
Контролно поле BLK
005 - Дата и час на последна редакция
Контролно поле 20240103101625.0
008 - Елементи от данни с фиксирана дължина
fixed length control field 221216b bu |||||r|||| 00| | bu d
020 ## - Международен стандартен номер на книга ISBN
Международен стандартен номер на книга ISBN 9789543994380
040 ## - Източник на каталожния запис
Идентификатор на билиотеката - собственик на записа BLK
041 ## - Код за език
Код за езика на текст/звукозапис или на отделно заглавие Български
Код за езика КДБФ Български
080 ## - УДК
Текстов определител УДК Американска литература (на САЩ)
УДК код - определител по УДК 821.111(73)
УДК определител -312.4
УДК - код + определител 821.111(73)-312.4
100 ## - Редна дума - Автор
R(LIN) 1299
Автор Гарднър, Лиса
Авторска отговорност първи автор
139 ## - Редно поле
Редна дума Гарднър, Лиса
245 ## - Сведения за заглавието
Заглавие Намери я
Подзаглавни данни Роман
Редно поле (дума) Лиса Гарднър ; прев. от англ. Цветана Генчева
260 ## - Област на издателските данни
9 (RLIN) 390568
Място на издаване, разпространение и проч. София
Име на издателя, разпространителя и проч. СББ Медиа
Година на издаване 2022
300 ## - Физическа характеристика
Страници 348 с.
Размери/Мащаб 20 см
380 ## - Жанр
Жанр Худож. лит.
500 ## - Общи забележки
Забележка Ориг. загл.: Find her / Lisa Gardner<br/>Кн. от поредицата Детектив Д. Д. Уорън<br/>Кн. се разпространява с изд. на SBB Media
700 ## - Други автори (авторска отговорност)
9 (RLIN) 364265
Лично име Генчева, Цветана Тодорова
Автороска отговорност (Описва отношението между автора и произведението) прев.
852 ## - Местоположение
Форматна сигнатура Цб 321098
Фондова буква Хранилище
856 ## - Електронен адрес и достъп
Инструкция (цена за достъп) 0.00
Права за достъп disable
942 ## - АРТИКУЛИ
Вид на библиотечния материал Книги
Скрит в OPAC Не
Периодичен библиозапис Да
944 ## - СЪЗДАВАНЕ И РЕДАКЦИЯ на ЗАПИСА
Дата на регистрацията/редакция Нора Радева
Служител, извършил регистрацията/редакцията 30545
Статус, дата на статуса Нора Радева
999 ## - СИСТЕМНИ КОНТРОЛНИ НОМЕРА
Koha biblionumber 499743
Koha biblioitemnumber 499743
999 ## - СИСТЕМНИ КОНТРОЛНИ НОМЕРА
Koha biblioitemnumber 499743
Наличности
Код за отписване Код за изгубен артикул Източник на класификационната схема Код за повреда Коз за рестрикции Код за отдаване Артикулен № Име на библиотеката - собственик Име на библиотеката, в която се намира в момента Статус (Текущо местоположение) Дата на вписване в системата Местоположение - отдел Цена в лева Инвентарен номер Систематично азбучна сигнатура Баркод Цена в евро Служебен тип на артикула
  Не е изгубен Universal Decimal Classification Не е повреден само за читалня ползва се в читалня 938619 Регионална библиотека "Любен Каравелов" Русе Регионална библиотека "Любен Каравелов" Русе Хранилище 2024-01-12 Хранилище 14.00 120000897650 Цб 321098 120000897650 7.16 Книги
Vip Innovations Ltd, Rousse, Bulgaria 2025